|
|
|
|
| LEADER |
01841nam a2200373 a 4500 |
| 001 |
7444 |
| 003 |
BD-DhAAL |
| 005 |
20150817093839.0 |
| 008 |
150817s1999 enk b 001 0 eng |
| 010 |
|
|
|a 98031830
|
| 020 |
|
|
|a 0415171849 (alk. paper)
|
| 020 |
|
|
|a 0415171857 (pbk. : alk. paper)
|
| 040 |
|
|
|a DLC
|c DLC
|d DLC
|d BD-DhAAL
|
| 050 |
0 |
0 |
|a BJ43
|b .T47 1999
|
| 082 |
0 |
0 |
|a 170
|2 21
|
| 100 |
1 |
|
|a Thomson, Anne.
|9 13842
|
| 245 |
1 |
0 |
|a Critical reasoning in ethics :
|b a practical introduction /
|c Anne Thomson.
|
| 260 |
|
|
|a London ;
|a New York :
|b Routledge,
|c 1999.
|
| 300 |
|
|
|a vii, 214 p. ;
|c 26 cm.
|
| 504 |
|
|
|a Includes bibliographical references (p. 209-210) and index.
|
| 541 |
|
|
|e 7444
|
| 650 |
|
0 |
|a Ethics.
|9 13843
|
| 650 |
|
0 |
|a Social ethics.
|9 12364
|
| 650 |
|
0 |
|a Logic.
|9 13844
|
| 650 |
|
0 |
|a Reasoning.
|9 13845
|
| 650 |
|
0 |
|a Critical thinking.
|9 10137
|
| 942 |
|
|
|2 ddc
|c BK
|
| 999 |
|
|
|c 35250
|d 35250
|
| 952 |
|
|
|0 0
|1 0
|2 ddc
|4 0
|6 170_000000000000000_THO
|7 0
|9 55274
|a SCL
|b SCL
|c GEN
|d 2015-08-17
|g 162.00
|l 1
|o 170 THO
|p 3020007444
|r 2022-04-24
|s 2022-04-22
|t 1
|w 2015-08-17
|y BK
|
| 952 |
|
|
|0 0
|1 0
|2 ddc
|4 0
|6 170_000000000000000_THO
|7 0
|9 55275
|a SCL
|b SCL
|c GEN
|d 2015-08-17
|g 162.00
|l 0
|o 170 THO
|p 3020007443
|r 2015-08-17
|t 2
|w 2015-08-17
|y BK
|
| 952 |
|
|
|0 0
|1 0
|2 ddc
|4 0
|6 170_000000000000000_THO
|7 0
|9 55276
|a SCL
|b SCL
|c GEN
|d 2015-08-17
|g 162.00
|l 0
|o 170 THO
|p 3020007445
|r 2015-08-17
|t 3
|w 2015-08-17
|y BK
|
| 952 |
|
|
|0 0
|1 0
|2 ddc
|4 0
|6 170_000000000000000_THO
|7 0
|9 55277
|a SCL
|b SCL
|c GEN
|d 2015-08-17
|g 162.00
|l 0
|o 170 THO
|p 3020007440
|r 2015-08-17
|t 4
|w 2015-08-17
|y BK
|
| 952 |
|
|
|0 0
|1 0
|2 ddc
|4 0
|6 170_000000000000000_THO
|7 0
|9 55278
|a SCL
|b SCL
|c GEN
|d 2015-08-17
|g 162.00
|l 0
|o 170 THO
|p 3020007442
|r 2015-08-17
|t 5
|w 2015-08-17
|y BK
|
| 952 |
|
|
|0 0
|1 0
|2 ddc
|4 0
|6 170_000000000000000_THO
|7 0
|9 55279
|a SCL
|b SCL
|c GEN
|d 2015-08-17
|g 162.00
|l 0
|o 170 THO
|p 3020007441
|r 2015-08-17
|t 6
|w 2015-08-17
|y BK
|